| 000 | 00782cam a2200193 4500 | ||
|---|---|---|---|
| 008 | 090907n 000 0 eng u | ||
| 035 | _a(Sirsi) a166971 | ||
| 040 | _a | ||
| 050 | _aSF 284.42.A35 CAV 1995 | ||
| 245 |
_aCavalieri dell?Africa : storia, iconografia, simbolismo := Cavaliers d?Afrique : histoire, iconographie, symbolisme/ _ca cura di Gigi Pezzoli. |
||
| 260 |
_aMilano : _b Centro studi archeologia africana, _c1995. |
||
| 300 | _a301 p. : ill. ; 26 cm. | ||
| 504 | _aIncludes bibliographical references. | ||
| 650 | _aHorsemen and horsewomen --Africa --History --Congresses. | ||
| 650 | _aHorses --Africa --History --Congresses. | ||
| 650 | _aHorsemen and horsewomen in art --Congresses. | ||
| 650 | _aHorses in art --Congresses. | ||
| 700 | _aPezzoli, Gigi. | ||
| 999 |
_c113107 _d113107 |
||